Niên giám tổ chức hành chính Việt Nam năm 2000

Nội dung sách giới thiệu thành phần chính phủ, các bộ ban ngành của Trung Ương và địa phương, chủ tịch UBND các tỉnh, thành trong cả nước.

Zapisane w:
Opis bibliograficzny
Format: Książka
Język:Undetermined
Wydane: Hà Nội Thống kê 2000
Hasła przedmiotowe:
Etykiety: Dodaj etykietę
Nie ma etykietki, Dołącz pierwszą etykiete!
Thư viện lưu trữ: Trung tâm Học liệu Trường Đại học Cần Thơ
LEADER 00838nam a2200205Ia 4500
001 CTU_39998
008 210402s9999 xx 000 0 und d
020 |c 245000 
082 |a 352.29 
082 |b N305 
245 0 |a Niên giám tổ chức hành chính Việt Nam năm 2000 
245 0 |c Nguyễn Quốc Tuấn ... [et al.] 
260 |a Hà Nội 
260 |b Thống kê 
260 |c 2000 
520 |a Nội dung sách giới thiệu thành phần chính phủ, các bộ ban ngành của Trung Ương và địa phương, chủ tịch UBND các tỉnh, thành trong cả nước. 
650 |a Administrative agencies,Constitutions, state,Public administration 
650 |z Vietnam 
904 |i Minh, Giang sửa 
980 |a Trung tâm Học liệu Trường Đại học Cần Thơ